Normal view
MARC view
Entry Personal Name
001 - CONTROL NUMBER
- control field: 10267
003 - CONTROL NUMBER IDENTIFIER
- control field: TZ-ArACH
005 - DATE AND TIME OF LATEST TRANSACTION
- control field: 20130514110305.0
008 - FIXED-LENGTH DATA ELEMENTS
- fixed length control field: 130514|||a|||||| | ||| d
040 ## - CATALOGING SOURCE
- Original cataloging agency: TZ-ArACH
- Transcribing agency: TZ-ArACH
100 ## - HEADING--PERSONAL NAME
- Personal name: Salas, Denis.
670 ## - SOURCE DATA FOUND
- Source citation: Work cat.: (TZ-ArACH)2274: Victimes de guerre en quête de justice : faire entendre leur voix et les pérenniser dans l'histoire /, 2004.
670 ## - SOURCE DATA FOUND
- Source citation: Work cat.: (TZ-ArACH)2274: Victimes de guerre en quête de justice : faire entendre leur voix et les pérenniser dans l'histoire /, 2004.
